[Event "Verona op-B"]
[Site "Verona"]
[Date "2017.01.06"]
[Round "7.8"]
[White "Cecchi, Marcello"]
[Black "Foroni, Francesco"]
[Result "0-1"]
[WhiteElo "1760"]
[BlackElo "1844"]
[PlyCount "51"]
[EventDate "2017.01.02"]
[EventType "swiss"]
[EventRounds "7"]
[EventCountry "ITA"]
[SourceTitle "EXT 2018"]
[Source "ChessBase"]
[SourceDate "2017.10.13"]
[SourceVersion "1"]
[SourceVersionDate "2017.10.13"]
[SourceQuality "1"]

1. e4 e6 2. d4 d5 3. exd5 Qxd5 4. Nf3 Nf6 5. Bd3 b6 6. 0-0 Bb7 7. Nc3 Qd8 8. Qe2 Be7 9. Ne4 Nbd7 10. c3 0-0 11. Bf4 Nxe4 12. Bxe4 Bxe4 13. Qxe4 c5 14. Rad1 Nf6 15. Qb1 Qc8 16. Rfe1 Qb7 17. Be5 cxd4 18. Bxd4 Rfd8 19. Ng5 g6 20. Nf3 Rac8 21. h3 Nd5 22. Qe4 Qc7 23. Ne5 Nf6 24. Qf3 Rf8 25. Qf4 Nh5 26. Ng4 0-1